000 00841namaa22001931 4500
001 173819
003 ES-MaACL
005 20250728063136.0
008 100122s1861 sp |||| | spa d
040 _aSpMaBN
_bspa
_cA2
100 1 _aMarco, José,
_d1830-1895
_9129463
245 1 0 _aAdan y Eva
_b: juguete cómico-lirico en un acto /
_carreglado del frances por Don José Marco [y Sanchis] ; puesto en musica por Don Francisco de Asis Gil.
260 _aMadrid :
_b[s.n.],
_c1861 (
_fImp. Española)
300 _a28 p. ;
_c17 cm.
500 _aSolo la letra.
700 1 _aGil, Francisco de Asis.
_9127312
852 _aES-MaACL
_jB-8617(1)
_z.- Enc. pasta española
_q.- Falto de la cub. original
_z.- Enc. en un vol. facticio formando parte de la col. facticia "Teatro español moderno", vol. 72
999 _c173819
_d173819